| 000 | 00677nam a22001937a 4500 | ||
|---|---|---|---|
| 999 |
_c182842 _d182842 |
||
| 005 | 20211207171009.0 | ||
| 010 | _aUR-11354 | ||
| 020 |
_c100.00 _a9789391238124 |
||
| 035 | _aU-9909 | ||
| 037 | _bDBAD/PUB | ||
| 082 | _a842.08 | ||
| 100 | _aغلا م ا شر ف قا د ر ی | ||
| 245 |
_aفہر ست نسخہ ہا ۓ خطی _cغلا م ا شر ف قا د ر ی |
||
| 246 |
_aFehrist-e-Nuskhaha-e-Khatti (Urdu) _bComp.by Ghulam Ashraf Quadri |
||
| 260 |
_aN.Delhi _c2021 ء _bEducational Publishing House |
||
| 270 |
_aD1/16,Ansari Road,Darya Ganj, _bNew Delhi _e110002 _l - |
||
| 300 |
_a59+67 ص _c22 Cm(Hb) |
||
| 942 |
_2ddc _cUR _h842.08 _mق ا د |
||